000 00848nam a22002177a 4500
005 20170531142720.0
010 _a16-17EN
020 _a9789386189875 (set of 2 vols.)
_c995.00 (set price)
035 _aB-666058-59
037 _adpl
_bVariety Books/Ven
082 _a343.54055
100 _aDatey, V.S.
245 _aTaxmann's indirect taxes :
_cby V.S.Datey
_blaw and practice /
250 _a38th ed
260 _aNew Delhi
_bTaxmann Publications
_c2017
270 _a59/32, New Rohtak Road
_bNew Delhi
_e110005
300 _a2V(I-5,432p.; I-5,488p.)
_c28cm(pbk)
500 _aIncludes index
942 _2ddc
_cEN
_mDAT
_h343.54055
999 _c140618
_d140618